| 000 | 00614nam a2200193 i 4500 | ||
|---|---|---|---|
| 001 | 141132 | ||
| 003 | ES-MaACL | ||
| 005 | 20250804083406.0 | ||
| 007 | t| | ||
| 008 | 070919s1962 sp ||||1| spa d | ||
| 110 | 2 |
_aSeminarium Diocesanum Victoriense. _96569 |
|
| 245 | 1 | 0 |
_aHistoria de la filosofía griega / _cGregorio R. de Yurre. |
| 260 |
_aVitoria : _bEdit. del Seminario, _c1954. |
||
| 300 |
_a339 p. ; _c25 cm. |
||
| 650 | 7 |
_aFilosofía griega _2embne _912849 |
|
| 700 | 1 |
_aRodríguez de Yurre, Gregorio, _d1913-1989 _998480 |
|
| 852 |
_aES-MaACL _jC-7120 _bR.36467 |
||
| 999 |
_c141132 _d141132 |
||